00642cam a22001811 450000100100000000500170001000800410002704000250006808200160009310000370010924500580014626000400020430000260024450400280027065100280029895201190032699900150044500000603720200929151909.0780509s1963 nyua b 000 0 spa  aDO-SdBNPbspacBNPHU axxxxbM312c1 aMarban, Edilberto,d1907-91702410aCurso de historia de América /cEdilberto Marbán. aNew York :bMinerva Books,c[1963]. a2 v. :bil. ;c22 cm. aIncluye bibliografías 0aAmericaxHistory917025 001052728MOaGRbGRcBDd2009-08-25iLF1l0oxxxx M312cp6037-10r2020-06-25w2020-06-25y2ZPréstamo interno c5833d5833